| 000 | 00369nam a2200109 a 4500 | ||
|---|---|---|---|
| 005 | 20140408090028.0 | ||
| 008 | 021126s19uu xx 00 eng d | ||
| 050 |
_aPHS '00 _bIg5 #17 |
||
| 100 | _aIgnacio, Mary Iris | ||
| 245 | _aA Comparative study on the different therapeutic benefits that male and female faculty members drive from listening to music. | ||
| 942 | _cPASS | ||
| 999 |
_c96382 _d96382 |
||